Normal view
MARC view
- Yasin,Areej, Sherwani,Sahar, Masood,Sabeen, Rana,Rimsha Naseen, Iftikhar,Benish, & Irfan,Fatima
Entry Personal Name
001 - CONTROL NUMBER
- control field: 5015
003 - CONTROL NUMBER IDENTIFIER
- control field: NUST
005 - DATE AND TIME OF LATEST TRANSACTION
- control field: 20170926154401.0
008 - FIXED-LENGTH DATA ELEMENTS
- fixed length control field: 170926|| aca||aabn | a|a d
040 ## - CATALOGING SOURCE
- Original cataloging agency: NUST
- Transcribing agency: NUST
100 ## - HEADING--PERSONAL NAME
- Personal name: Yasin,Areej, Sherwani,Sahar, Masood,Sabeen, Rana,Rimsha Naseen, Iftikhar,Benish, & Irfan,Fatima
670 ## - SOURCE DATA FOUND
- Source citation: Work cat.: (NUST): Yasin,Areej, Sherwani,Sahar, Masood,Sabeen, Rana,Rimsha Naseen, Iftikhar,Benish, & Irfan,Fatima, Women locked up : a study of prevailing condition in Punjab's women prisons and a human rights based approach to reform, 2016
